[Event "Tradewise Gibraltar Chess Festival 2014 "]
[Site "The Caleta Hotel - Gibraltar"]
[Date "2014.02.04"]
[Round "8.45"]
[White "Deac, Bogdan-Daniel"]
[Black "Larino Nieto, David"]
[Result "1-0"]
[WhiteElo "2289"]
[BlackElo "2465"]
[PlyCount "63"]
[EventDate "2014.01.28"]

1. d4 Nf6 2. c4 b6 3. f3 Nc6 4. Nc3 e5 5. d5 Nd4 6. e3 Nf5 7. Bd3 g6 8. Nh3 h5
9. Nf2 h4 10. Bd2 c6 11. Ng4 Bb7 12. e4 Nd4 13. Bg5 Bg7 14. O-O Rh5 15. Qd2 b5
16. Bxf6 Bxf6 17. f4 Qe7 18. cxb5 cxd5 19. exd5 h3 20. Ne4 Bg7 21. fxe5 hxg2
22. Qxg2 Rxe5 23. Nxe5 Bxe5 24. Ng5 Qc5 25. Kh1 f5 26. Rae1 d6 27. Ne4 Qb4 28.
Qxg6+ Kd8 29. Qf7 Nf3 30. Nf6 Bc8 31. Rc1 Bxf6 32. Qf8+ 1-0

[Event "Tradewise Gibraltar Chess Festival 2014 "]
[Site "The Caleta Hotel - Gibraltar"]
[Date "2014.02.04"]
[Round "8.46"]
[White "Zhukova, Natalia"]
[Black "Chapman, Terry P D"]
[Result "1-0"]
[WhiteElo "2449"]
[BlackElo "2304"]
[PlyCount "95"]
[EventDate "2014.01.28"]

1. d4 Nf6 2. c4 c5 3. d5 b5 4. cxb5 a6 5. f3 axb5 6. e4 Qa5+ 7. Bd2 b4 8. Na3
e6 9. Nc4 Qc7 10. Bg5 h6 11. Bh4 d6 12. dxe6 fxe6 13. e5 dxe5 14. Bg3 Nc6 15.
Bd3 Be7 16. Bg6+ Kf8 17. Ne2 Ba6 18. Qb3 Nd5 19. Be4 Rd8 20. O-O Nf4 21. Bxf4
exf4 22. Bxc6 Qxc6 23. Nxf4 Bxc4 24. Ng6+ Ke8 25. Qxc4 Rd4 26. Qc2 Rg8 27. Ne5
Qd5 28. Qh7 Rf8 29. Qxg7 Bf6 30. Qg6+ Kd8 31. Qxh6 Be7 32. Rae1 Bd6 33. Qg7 Be7
34. Ng6 Re8 35. Re5 Qc4 36. Re4 Bd6 37. Ne5 Bxe5 38. Qxe5 Qd5 39. Rxd4 Qxd4+
40. Qxd4+ cxd4 41. Rd1 e5 42. f4 Ke7 43. fxe5 Rd8 44. Kf2 Ke6 45. Ke2 Kxe5 46.
Kd3 Kd5 47. Rf1 Ra8 48. Rf5+ 1-0

[Event "Tradewise Gibraltar Chess Festival 2014 "]
[Site "The Caleta Hotel - Gibraltar"]
[Date "2014.02.04"]
[Round "8.48"]
[White "Munguntuul, Batkhuyag"]
[Black "Kobo, Ori"]
[Result "1/2-1/2"]
[WhiteElo "2438"]
[BlackElo "2298"]
[PlyCount "109"]
[EventDate "2014.01.28"]

1. e4 e5 2. Nf3 Nc6 3. Bb5 a6 4. Ba4 Nf6 5. O-O Be7 6. Re1 b5 7. Bb3 d6 8. a4
Bd7 9. c3 O-O 10. d4 Bg4 11. Be3 exd4 12. cxd4 Na5 13. Bc2 c5 14. axb5 cxd4 15.
Bxd4 axb5 16. Nc3 Nc6 17. Rxa8 Qxa8 18. Nxb5 Qb8 19. Na3 Bxf3 20. gxf3 Nh5 21.
Be3 Qxb2 22. Nc4 Qf6 23. Nb6 Nf4 24. Kh1 Ne5 25. Bxf4 Qxf4 26. Nd5 Qh4 27.
Nxe7+ Qxe7 28. f4 Nd7 29. Bb3 Nc5 30. Bd5 Qf6 31. Qd2 Re8 32. Rb1 g6 33. f3 Kg7
34. Rb6 Ne6 35. Bxe6 Rxe6 36. Kg2 h5 37. Ra6 h4 38. Rb6 d5 39. Rxe6 fxe6 40.
exd5 exd5 41. Qxd5 Qxf4 42. Kh3 g5 43. Qd7+ Qf7 44. Qd4+ Qf6 45. Qe4 Kh6 46.
Kg4 Qg6 47. Qe3 Qh5+ 48. Kh3 Qf7 49. Qe4 Qd7+ 50. Kg2 Qd2+ 51. Kh3 Qd7+ 52. Qg4
Qxg4+ 53. Kxg4 Kg6 54. h3 Kf6 55. f4 1/2-1/2

[Event "Tradewise Gibraltar Chess Festival 2014 "]
[Site "The Caleta Hotel - Gibraltar"]
[Date "2014.02.04"]
[Round "8.49"]
[White "Martinez Reyes, Pedro Ramon"]
[Black "Kohlweyer, Bernd"]
[Result "1-0"]
[WhiteElo "2246"]
[BlackElo "2437"]
[PlyCount "121"]
[EventDate "2014.01.28"]

1. e4 c5 2. Nf3 d6 3. Bb5+ Nd7 4. d4 cxd4 5. Qxd4 a6 6. Bxd7+ Bxd7 7. O-O e5 8.
Qd3 h6 9. c4 b5 10. Nc3 bxc4 11. Qxc4 Nf6 12. Rd1 Be7 13. Nh4 g6 14. Nf3 Kf8
15. b3 Kg7 16. Qd3 Rc8 17. Nd2 Be6 18. Nf1 Qc7 19. Bb2 Qb7 20. Ne3 Rc5 21. f3
Rhc8 22. Na4 R5c6 23. Ba3 Qa7 24. Kh1 a5 25. Rac1 Rxc1 26. Rxc1 Rxc1+ 27. Bxc1
Ne8 28. g3 Bg5 29. h4 Bxe3 30. Bxe3 Qc7 31. Qc3 Qd7 32. Kg2 Qb5 33. Qd2 h5 34.
Kf2 f5 35. exf5 Bxf5 36. Bb6 Bh3 37. Qe2 Qd5 38. Nb2 Bf5 39. Nd1 Nf6 40. Ne3
Qc6 41. Bxa5 Be6 42. Qc2 Qa6 43. Qc7+ Kg8 44. Nc4 Bxc4 45. Qxc4+ Qxc4 46. bxc4
Kf7 47. Bd8 Nd7 48. a4 Ke6 49. a5 Nc5 50. Bb6 Na6 51. Ke3 d5 52. cxd5+ Kxd5 53.
Kd3 Nb4+ 54. Ke3 Na6 55. g4 Nb4 56. gxh5 gxh5 57. f4 exf4+ 58. Kxf4 Nd3+ 59.
Kg5 Ne5 60. a6 Kc6 61. Ba5 1-0

[Event "Tradewise Gibraltar Chess Festival 2014 "]
[Site "The Caleta Hotel - Gibraltar"]
[Date "2014.02.04"]
[Round "8.50"]
[White "Georgiadis, Nico"]
[Black "Wahlbom, Magnus"]
[Result "1-0"]
[WhiteElo "2436"]
[BlackElo "2297"]
[PlyCount "55"]
[EventDate "2014.01.28"]

1. e4 e6 2. d4 d5 3. Nc3 Bb4 4. e5 b6 5. a3 Bf8 6. Nf3 Bb7 7. b4 Nc6 8. Bd3 Qd7
9. Ne2 O-O-O 10. Bd2 Re8 11. b5 Nd8 12. a4 f6 13. a5 Kb8 14. Qb1 Ne7 15. axb6
cxb6 16. exf6 gxf6 17. Bf4+ Kc8 18. Rxa7 Ng6 19. Bg3 Bd6 20. Qa1 Nf7 21. c4 e5
22. O-O Bb8 23. Rc1 Bxa7 24. Qxa7 Kd8 25. Qxb6+ Ke7 26. Bxg6 hxg6 27. dxe5 dxc4
28. e6 1-0

[Event "Tradewise Gibraltar Chess Festival 2014 "]
[Site "The Caleta Hotel - Gibraltar"]
[Date "2014.02.04"]
[Round "8.51"]
[White "Trent, Lawrence"]
[Black "Sos Andreu, Eric"]
[Result "1-0"]
[WhiteElo "2424"]
[BlackElo "2285"]
[PlyCount "91"]
[EventDate "2014.01.28"]

1. b3 d5 2. Bb2 Nf6 3. e3 c5 4. f4 g6 5. Nf3 Bg7 6. Bb5+ Bd7 7. Be2 O-O 8. Ne5
Nc6 9. Bf3 Qc7 10. O-O Rad8 11. d3 d4 12. Bxc6 Bxc6 13. Nxc6 Qxc6 14. e4 b5 15.
Nd2 e5 16. f5 Bh6 17. Kh1 Ne8 18. a4 a6 19. Nf3 Qf6 20. axb5 axb5 21. Qe2 Qe7
22. Qf2 Nd6 23. Qg3 Rfe8 24. f6 Qxf6 25. Nxd4 Bf4 26. Nc6 Nxe4 27. Qxf4 exf4
28. Bxf6 Nxf6 29. Nxd8 Rxd8 30. Rxf4 Nd5 31. Re4 Nb4 32. Re2 Rc8 33. Ra7 c4 34.
dxc4 bxc4 35. h3 cxb3 36. cxb3 Nc6 37. Rb7 Nd4 38. Ree7 Rc1+ 39. Kh2 Rf1 40. b4
h5 41. b5 h4 42. b6 Rf2 43. Kg1 Rb2 44. Rbd7 Nf5 45. Re8+ Kg7 46. b7 1-0

[Event "Tradewise Gibraltar Chess Festival 2014 "]
[Site "The Caleta Hotel - Gibraltar"]
[Date "2014.02.04"]
[Round "8.52"]
[White "Aloma Vidal, Robert"]
[Black "Lombaers, Peter"]
[Result "0-1"]
[WhiteElo "2416"]
[BlackElo "2255"]
[PlyCount "86"]
[EventDate "2014.01.28"]

1. d4 f5 2. e4 fxe4 3. Nc3 Nf6 4. Bg5 Nc6 5. d5 Ne5 6. Qe2 Nf7 7. Bxf6 exf6 8.
Nxe4 Bb4+ 9. c3 Be7 10. d6 cxd6 11. Qh5 O-O 12. Bc4 Rb8 13. Nh3 b5 14. Bd5 g6
15. Qd1 Kh8 16. O-O Ne5 17. Nd2 f5 18. b4 Qc7 19. Rc1 Bb7 20. Bxb7 Qxb7 21. Nb3
f4 22. Re1 g5 23. Qh5 Qd5 24. Rcd1 Qf7 25. Qxf7 Rxf7 26. f3 Nc4 27. Nf2 Ne3 28.
Rd3 Rc8 29. Nd4 a6 30. Ne2 Re8 31. a4 Bd8 32. Ne4 Bb6 33. Nd4 Nc4 34. Ra1 bxa4
35. Nxg5 Rfe7 36. Kf1 Ne3+ 37. Kg1 Nc4 38. Ne4 d5 39. Nf6 Re1+ 40. Rxe1 Rxe1+
41. Kf2 Re3 42. Rd1 Nb2 43. Rd2 Nd3+ 0-1

[Event "Tradewise Gibraltar Chess Festival 2014 "]
[Site "The Caleta Hotel - Gibraltar"]
[Date "2014.02.04"]
[Round "8.53"]
[White "Houska, Jovanka"]
[Black "Gukhvat, Peter"]
[Result "1-0"]
[WhiteElo "2415"]
[BlackElo "2268"]
[PlyCount "79"]
[EventDate "2014.01.28"]

1. d4 Nf6 2. Nf3 c5 3. d5 d6 4. Nc3 g6 5. e4 Bg4 6. Be2 Bxf3 7. Bxf3 Bg7 8. O-O
O-O 9. Bf4 h6 10. a4 Nbd7 11. Qd2 g5 12. Bg3 Nh7 13. Be2 Qb6 14. Bb5 Ne5 15. a5
Qc7 16. Nd1 Ng6 17. Ne3 Nf6 18. f3 Nh5 19. c3 Nxg3 20. hxg3 Bf6 21. f4 Kh7 22.
Qe2 Rh8 23. Bc4 Kg7 24. e5 dxe5 25. d6 Qd7 26. fxg5 hxg5 27. dxe7 Nxe7 28. Rxf6
Kxf6 29. Qf3+ Nf5 30. Rf1 e4 31. Qxe4 Rae8 32. Rxf5+ Kg6 33. Qc2 Kg7 34. Rxf7+
Qxf7 35. Bxf7 Kxf7 36. Qf5+ Ke7 37. Qxc5+ Kd7 38. Qxa7 Kc8 39. Nd5 Ref8 40. g4
1-0

[Event "Tradewise Gibraltar Chess Festival 2014 "]
[Site "The Caleta Hotel - Gibraltar"]
[Date "2014.02.04"]
[Round "8.54"]
[White "Sanchez Castillo, Sarai Caroli"]
[Black "Nakar, Eylon"]
[Result "0-1"]
[WhiteElo "2219"]
[BlackElo "2398"]
[PlyCount "84"]
[EventDate "2014.01.28"]

1. e4 c5 2. Nf3 d6 3. Nc3 a6 4. a4 Nc6 5. d4 cxd4 6. Nxd4 Nf6 7. Be2 e6 8. O-O
Be7 9. Kh1 Bd7 10. f4 Qc7 11. Bf3 Rc8 12. Nb3 O-O 13. a5 Nb4 14. Be3 e5 15. Bb6
Qb8 16. fxe5 dxe5 17. Rf2 Be6 18. Nc1 Bd8 19. Na4 Bxb6 20. Nxb6 Rcd8 21. Qe1
Nc6 22. c3 Qc7 23. b4 Na7 24. h3 Nb5 25. Na4 Rd6 26. Rd2 Rc6 27. Rd3 Bc4 28.
Re3 Rd8 29. Be2 Rcd6 30. Nb2 Bxe2 31. Nxe2 Rd2 32. Qc1 Nh5 33. Kh2 Qc6 34. Na4
Qh6 35. Qg1 Qg5 36. Rf1 g6 37. Nc5 Na3 38. Qf2 Nf4 39. Rg3 Qe7 40. Re3 Nc2 41.
Re1 Nxe3 42. Qxe3 Qh4 0-1

[Event "Tradewise Gibraltar Chess Festival 2014 "]
[Site "The Caleta Hotel - Gibraltar"]
[Date "2014.02.04"]
[Round "8.55"]
[White "Milliet, Sophie"]
[Black "Galmandakh, Badrakh"]
[Result "1-0"]
[WhiteElo "2390"]
[BlackElo "2225"]
[PlyCount "97"]
[EventDate "2014.01.28"]

1. e4 d6 2. d4 Nf6 3. Nc3 e5 4. Nf3 Nbd7 5. Bc4 Be7 6. O-O O-O 7. Re1 c6 8. a4
a5 9. h3 Qc7 10. Be3 h6 11. Qd2 Re8 12. Bxh6 gxh6 13. Qxh6 Nf8 14. dxe5 N6h7
15. Bxf7+ Kxf7 16. Qh5+ Kg7 17. exd6 Bxd6 18. e5 Bd7 19. exd6 Qxd6 20. Ne5 Re7
21. Rad1 Qh6 22. Qxh6+ Kxh6 23. Ng4+ Bxg4 24. Rxe7 Bxd1 25. Nxd1 Rd8 26. Ne3
Rd7 27. Ng4+ Kg5 28. Re5+ Kg6 29. Rxa5 Rd1+ 30. Kh2 Nf6 31. Ne5+ Kh6 32. Ra7
Re1 33. Nd3 Re7 34. a5 Rd7 35. Nc5 Rd2 36. Rxb7 Rxc2 37. Nd3 Rc4 38. a6 Ra4 39.
Nc5 Ra5 40. b4 Ra2 41. Rc7 Nd5 42. Rxc6+ Kg5 43. b5 Nb4 44. Rc8 Ng6 45. b6 Nxa6
46. Nxa6 Ne5 47. Rc5 Kf4 48. Rxe5 Rxa6 49. Rb5 1-0

[Event "Tradewise Gibraltar Chess Festival 2014 "]
[Site "The Caleta Hotel - Gibraltar"]
[Date "2014.02.04"]
[Round "8.56"]
[White "Muzychuk, Anna"]
[Black "Bar, Aviv"]
[Result "1-0"]
[WhiteElo "2566"]
[BlackElo "2148"]
[PlyCount "91"]
[EventDate "2014.01.28"]

1. e4 e6 2. d4 d5 3. Nc3 Nf6 4. Bg5 dxe4 5. Nxe4 Nbd7 6. Nf3 h6 7. Nxf6+ Nxf6
8. Bh4 c5 9. Bd3 cxd4 10. O-O Be7 11. Nxd4 O-O 12. c3 Qb6 13. Qe2 Re8 14. Rad1
Bd7 15. Bb1 Rad8 16. Rfe1 Ba4 17. Rd3 Nd5 18. Bxe7 Rxe7 19. Rg3 Qc7 20. Qe4 f5
21. Qh4 Qf4 22. Rxg7+ Kxg7 23. Qxe7+ Nxe7 24. Nxe6+ Kf7 25. Nxf4 Rd2 26. b3 Bc6
27. Ne2 Be4 28. Bxe4 fxe4 29. Ng3 Rxa2 30. Nxe4 b6 31. g3 Rb2 32. b4 a5 33.
Nd6+ Kf6 34. Nc4 Rb3 35. Nxb6 axb4 36. Nd7+ Kf7 37. Ne5+ Kf8 38. cxb4 Rxb4 39.
Nd3 Rb3 40. Nf4 Kf7 41. Kg2 Nf5 42. h4 Rb4 43. Kh3 Rb2 44. Kg4 Nd4 45. Re4 Nc6
46. Re6 1-0

[Event "Tradewise Gibraltar Chess Festival 2014 "]
[Site "The Caleta Hotel - Gibraltar"]
[Date "2014.02.04"]
[Round "8.57"]
[White "Georgiev, Kiril"]
[Black "Gajic, Mladen"]
[Result "1-0"]
[WhiteElo "2653"]
[BlackElo "2246"]
[PlyCount "75"]
[EventDate "2014.01.28"]

1. d4 d5 2. c4 c6 3. Nf3 Nf6 4. e3 Bf5 5. Nc3 e6 6. Nh4 Bg6 7. Nxg6 hxg6 8. Bd3
Nbd7 9. O-O Rc8 10. Bd2 dxc4 11. Bxc4 b5 12. Bb3 a6 13. h3 Nb6 14. Qe2 c5 15.
Rfd1 c4 16. Bc2 Be7 17. e4 O-O 18. a3 Re8 19. Be3 Qc7 20. f4 Qb7 21. Qf3 Na8
22. d5 exd5 23. e5 Nd7 24. Nxd5 Qb8 25. e6 fxe6 26. Bxg6 Bc5 27. Bxc5 Rxc5 28.
Bxe8 Qxe8 29. Re1 Qf7 30. Ne7+ Qxe7 31. Qxa8+ Kf7 32. Rad1 Nb6 33. Qxa6 Nd5 34.
f5 Nf4 35. fxe6+ Kg6 36. Qd6 Qg5 37. e7+ Kh7 38. Qxf4 1-0

[Event "Tradewise Gibraltar Chess Festival 2014 "]
[Site "The Caleta Hotel - Gibraltar"]
[Date "2014.02.04"]
[Round "8.58"]
[White "Gallagher, Joseph G"]
[Black "Gandrud, Vegar Koi"]
[Result "0-1"]
[WhiteElo "2495"]
[BlackElo "2242"]
[PlyCount "66"]
[EventDate "2014.01.28"]

1. e4 c5 2. Nf3 d6 3. d4 cxd4 4. Nxd4 Nf6 5. f3 e5 6. Nb3 Be6 7. c4 Be7 8. Be3
O-O 9. Be2 Qc7 10. O-O Bxc4 11. Qc2 d5 12. exd5 b5 13. Rd1 Na6 14. Nc3 Rfd8 15.
Rac1 Rac8 16. Qf5 g6 17. Qh3 Qb8 18. Na5 Bxe2 19. Nxe2 Bc5 20. Bxc5 Rxc5 21.
Rxc5 Nxc5 22. Nc6 Qb6 23. Kf1 Rd7 24. b4 Nxd5 25. Rxd5 Nd3 26. Ne7+ Kf8 27. Qh4
g5 28. Nc8 Qe3 29. Rxd3 Rxd3 30. Qe1 Rd8 31. Qb1 Rxc8 32. Qxh7 Rd8 33. Qb1 Rd2
0-1

[Event "Tradewise Gibraltar Chess Festival 2014 "]
[Site "The Caleta Hotel - Gibraltar"]
[Date "2014.02.04"]
[Round "8.60"]
[White "Hommerson, Paul"]
[Black "Tania, Sachdev"]
[Result "1/2-1/2"]
[WhiteElo "2255"]
[BlackElo "2442"]
[PlyCount "136"]
[EventDate "2014.01.28"]

1. e4 e5 2. Nf3 Nc6 3. Bb5 a6 4. Ba4 Nf6 5. O-O b5 6. Bb3 Be7 7. Re1 d6 8. c3
O-O 9. h3 Nd7 10. d4 Bf6 11. a4 Bb7 12. d5 Ne7 13. Bc2 Qb8 14. axb5 axb5 15.
Rxa8 Bxa8 16. Nbd2 c6 17. dxc6 Bxc6 18. Nf1 Nc5 19. Ng3 g6 20. Bh6 Bg7 21. Qd2
Ne6 22. Bb3 Nf4 23. Bg5 Nc8 24. Bxf4 exf4 25. Qxf4 b4 26. Rb1 bxc3 27. bxc3 Qa8
28. h4 d5 29. exd5 Bxd5 30. Bxd5 Qxd5 31. c4 Qc6 32. Rc1 Rd8 33. Ng5 f6 34. Nf3
f5 35. h5 Qd6 36. Qxd6 Rxd6 37. hxg6 hxg6 38. Ne2 Bf8 39. Ned4 Bg7 40. Nb5 Rc6
41. Nbd4 Bxd4 42. Nxd4 Rc5 43. Nb3 Rc7 44. Kf1 Kf7 45. Ke2 Nd6 46. Kd3 Ne4 47.
f3 Rb7 48. Kc2 Nf6 49. Re1 Nh5 50. Re2 Ng3 51. Rd2 Nf1 52. Rd3 f4 53. Kc3 Ne3
54. g3 Re7 55. gxf4 Ng2 56. Nc5 Nxf4 57. Rd7 Rxd7 58. Nxd7 Ke6 59. Nc5+ Kf5 60.
Kd4 g5 61. Nd3 Ne6+ 62. Ke3 Nd8 63. c5 Nc6 64. Ke2 g4 65. f4 Ke4 66. Kf2 Ne7
67. Kg3 Kxd3 68. Kxg4 Kd4 1/2-1/2

[Event "Tradewise Gibraltar Chess Festival 2014 "]
[Site "The Caleta Hotel - Gibraltar"]
[Date "2014.02.04"]
[Round "8.61"]
[White "Roeder, Matthias"]
[Black "Vea, Odin Blikra"]
[Result "1-0"]
[WhiteElo "2423"]
[BlackElo "2217"]
[PlyCount "51"]
[EventDate "2014.01.28"]

1. Nf3 Nf6 2. c4 d6 3. d4 g6 4. Nc3 Bg7 5. e4 O-O 6. h3 e5 7. d5 Nh5 8. Ng1 Qe8
9. Be2 Nf4 10. Bf3 f5 11. g3 Nh5 12. exf5 Bxf5 13. g4 e4 14. Be2 e3 15. gxf5
exf2+ 16. Kxf2 Rxf5+ 17. Kg2 Nd7 18. Bg4 Qe5 19. Nge2 Nc5 20. Bxf5 gxf5 21. Rf1
Ne4 22. Nf4 Nhg3 23. Nxe4 Nxf1 24. Ng5 Ne3+ 25. Bxe3 Qxe3 26. Qf3 1-0

[Event "Tradewise Gibraltar Chess Festival 2014 "]
[Site "The Caleta Hotel - Gibraltar"]
[Date "2014.02.04"]
[Round "8.62"]
[White "Valsecchi, Alessio"]
[Black "Spence, David J"]
[Result "1/2-1/2"]
[WhiteElo "2418"]
[BlackElo "2216"]
[PlyCount "79"]
[EventDate "2014.01.28"]

1. c4 c5 2. g3 Nc6 3. Bg2 g6 4. Nc3 Bg7 5. Nf3 e5 6. d3 Nge7 7. O-O O-O 8. Rb1
d6 9. a3 a5 10. Ne1 Be6 11. Nc2 d5 12. cxd5 Nxd5 13. Ne3 Nde7 14. Nc4 Rb8 15.
Bg5 f6 16. Be3 b6 17. Qa4 Nd4 18. Bxd4 exd4 19. Nb5 Nd5 20. Nbd6 b5 21. Nxb5
Qd7 22. Ncd6 Nc7 23. Qxa5 Nxb5 24. Ne4 Rfc8 25. Rbc1 c4 26. a4 Qa7 27. Qxa7
Nxa7 28. Nd6 Rc5 29. dxc4 Rxb2 30. Rb1 Rxb1 31. Rxb1 Nc8 32. Nb7 Rxc4 33. Nd8
Bf5 34. Bd5+ Kf8 35. Ne6+ Bxe6 36. Bxc4 Bxc4 37. Rb8 Ba6 38. Ra8 Bb7 39. Rb8
Ba6 40. Ra8 1/2-1/2

[Event "Tradewise Gibraltar Chess Festival 2014 "]
[Site "The Caleta Hotel - Gibraltar"]
[Date "2014.02.04"]
[Round "8.63"]
[White "Kuipers, Stefan"]
[Black "Allor, Chukwuka"]
[Result "1/2-1/2"]
[WhiteElo "2399"]
[BlackElo "2138"]
[PlyCount "85"]
[EventDate "2014.01.28"]

1. d4 Nf6 2. c4 e6 3. Nc3 d5 4. cxd5 exd5 5. Bg5 Be7 6. e3 O-O 7. Nf3 h6 8. Bf4
c6 9. h3 Bf5 10. g4 Bh7 11. g5 Nh5 12. Bxb8 Rxb8 13. Ne5 Qb6 14. Qb3 Bf5 15.
Be2 g6 16. Bg4 Rbd8 17. Bxf5 gxf5 18. gxh6 Qxb3 19. axb3 a6 20. Ne2 Kh7 21. Rg1
f6 22. Ng6 Bb4+ 23. Kf1 Rg8 24. Ngf4 Rxg1+ 25. Kxg1 Nxf4 26. Nxf4 Kxh6 27. Kg2
Kh7 28. Kf3 Bd6 29. Rg1 Rg8 30. Rg3 Rxg3+ 31. fxg3 a5 32. Ne6 b6 33. Nd8 c5 34.
dxc5 Bxc5 35. Ne6 Bd6 36. Nf4 Be5 37. Nxd5 b5 38. e4 fxe4+ 39. Kxe4 Bxb2 40.
Kd3 Be5 41. Nc3 a4 42. bxa4 bxa4 43. Nxa4 1/2-1/2

[Event "Tradewise Gibraltar Chess Festival 2014 "]
[Site "The Caleta Hotel - Gibraltar"]
[Date "2014.02.04"]
[Round "8.64"]
[White "Semprun Martinez, Fernando"]
[Black "Nezad, Husein Aziz"]
[Result "1/2-1/2"]
[WhiteElo "2227"]
[BlackElo "2372"]
[PlyCount "98"]
[EventDate "2014.01.28"]

1. e4 e5 2. Nf3 Nc6 3. Bb5 a6 4. Ba4 Nf6 5. O-O b5 6. Bb3 Bc5 7. a4 Rb8 8. axb5
axb5 9. Nxe5 Nxe5 10. d4 Bxd4 11. Qxd4 d6 12. f4 Nc6 13. Qc3 Ne7 14. Qd3 O-O
15. Nc3 b4 16. Ne2 d5 17. exd5 Bf5 18. Qd1 Be4 19. Ng3 Bxd5 20. Bxd5 Nexd5 21.
f5 Qd6 22. Qd4 Qc6 23. Bg5 h6 24. Bd2 Qxc2 25. Rac1 c5 26. Rxc2 cxd4 27. Rc4
Ne3 28. Bxe3 dxe3 29. Re1 Rfe8 30. Rd4 Rb5 31. Kf1 h5 32. Ke2 Rc5 33. Kf3 Rc2
34. Re2 Rxe2 35. Kxe2 Rc8 36. Kxe3 Rc2 37. Rd2 Rc5 38. h4 Kh7 39. Rd4 Rc1 40.
Kd2 Rg1 41. Rxb4 Rxg2+ 42. Ne2 Ng4 43. Rf4 Rh2 44. b4 Rh1 45. b5 Nf6 46. Rd4
Rf1 47. Rf4 Rh1 48. Rd4 Rf1 49. Rf4 Rh1 1/2-1/2

[Event "Tradewise Gibraltar Chess Festival 2014 "]
[Site "The Caleta Hotel - Gibraltar"]
[Date "2014.02.04"]
[Round "8.65"]
[White "Kaczmarczyk, Dennis"]
[Black "Stewart, Ashley"]
[Result "1-0"]
[WhiteElo "2358"]
[BlackElo "2038"]
[PlyCount "75"]
[EventDate "2014.01.28"]

1. d4 Nf6 2. c4 g6 3. Nc3 d5 4. cxd5 Nxd5 5. e4 Nxc3 6. bxc3 Bg7 7. Nf3 c5 8.
Be3 Qa5 9. Nd2 Nd7 10. Rc1 O-O 11. Nc4 Qc7 12. Be2 b6 13. O-O e5 14. d5 Bb7 15.
Qb3 Ba6 16. Rfd1 Bxc4 17. Qxc4 Qd6 18. f3 f5 19. a4 f4 20. Bf2 g5 21. a5 h5 22.
Ra1 Kh7 23. Qa6 Nf6 24. axb6 Qxb6 25. Rdb1 Qxa6 26. Bxa6 Nd7 27. Rb7 Nb6 28.
Bxc5 Rfb8 29. Rc7 Re8 30. Bb7 Rad8 31. Bc6 Rg8 32. Raxa7 Nc4 33. Bb5 Ne3 34.
Be7 Rb8 35. c4 Kg6 36. Ra6+ Kh7 37. Bf6 Ra8 38. Rxg7+ 1-0

[Event "Tradewise Gibraltar Chess Festival 2014 "]
[Site "The Caleta Hotel - Gibraltar"]
[Date "2014.02.04"]
[Round "8.66"]
[White "Scharrer, Patrick"]
[Black "Kochetkova, Julia"]
[Result "0-1"]
[WhiteElo "2220"]
[BlackElo "2351"]
[PlyCount "134"]
[EventDate "2014.01.28"]

1. e4 d6 2. d4 Nf6 3. Nc3 e5 4. Nf3 Nbd7 5. Bc4 Be7 6. O-O O-O 7. Re1 c6 8. a4
exd4 9. Nxd4 Ne5 10. Ba2 Re8 11. h3 Bf8 12. Bg5 h6 13. Bh4 Ng6 14. Bg3 Qb6 15.
Qd2 Bd7 16. Rad1 Rad8 17. Nf3 Bc8 18. Bb3 Nd7 19. Nh4 Nge5 20. Kh1 Nc5 21. Ba2
Qb4 22. f4 Ned7 23. Qd4 Qxd4 24. Rxd4 Nf6 25. e5 dxe5 26. Rxd8 Rxd8 27. fxe5
Nd5 28. Rd1 Be6 29. Nxd5 cxd5 30. Nf3 Nxa4 31. c4 d4 32. Rxd4 Rxd4 33. Nxd4
Nxb2 34. Nxe6 fxe6 35. Kg1 Bc5+ 36. Kf1 Nd1 37. Bf4 Kf7 38. Bb3 Ne3+ 39. Bxe3
Bxe3 40. Ke2 Bd4 41. Kd3 Bxe5 42. c5 Ke7 43. Kc4 Bg3 44. Bc2 Kd7 45. Bg6 Bf2
46. Bf7 a6 47. Bg6 b6 48. cxb6 Bxb6 49. Be4 Kd6 50. Bb7 a5 51. Bc8 Bf2 52. Ba6
Be1 53. Bb5 Bd2 54. Ba4 g5 55. Be8 e5 56. Bg6 a4 57. Bc2 a3 58. Bb3 h5 59. Ba2
h4 60. Bb3 e4 61. Kd4 e3 62. Kd3 Kc5 63. Ba2 Kb4 64. Kc2 Bc3 65. Kd1 Be5 66.
Kc2 e2 67. Kd2 Bf4+ 0-1

[Event "Tradewise Gibraltar Chess Festival 2014 "]
[Site "The Caleta Hotel - Gibraltar"]
[Date "2014.02.04"]
[Round "8.67"]
[White "Al-Tamimi, Hamad"]
[Black "Wemmers, Xander"]
[Result "0-1"]
[WhiteElo "2211"]
[BlackElo "2348"]
[PlyCount "80"]
[EventDate "2014.01.28"]

1. e4 d6 2. d4 Nf6 3. Nc3 g6 4. g3 Bg7 5. Bg2 O-O 6. Nge2 e5 7. h3 Nc6 8. Be3
exd4 9. Nxd4 Bd7 10. O-O Re8 11. Qd2 a6 12. a4 Ne5 13. Qe2 c5 14. Nb3 Be6 15.
Rfd1 Qc8 16. Kh2 Nc4 17. Rab1 h5 18. Bf4 h4 19. Nd2 hxg3+ 20. fxg3 d5 21. e5
Nxe5 22. Bxe5 Bg4 23. Nf3 Bxf3 24. Bxf3 d4 25. Qg2 Rxe5 26. Bxb7 Qe8 27. Bxa8
dxc3 28. Bf3 Ne4 29. b3 Nd2 30. Rxd2 cxd2 31. Qxd2 Re3 32. Rf1 Bd4 33. Kg2 Qe5
34. Rf2 Re1 35. Rf1 Rxf1 36. Kxf1 Qxg3 37. Qg2 Qf4 38. Qe2 Qc1+ 39. Qe1 Qxc2
40. Qe8+ Kg7 0-1

[Event "Tradewise Gibraltar Chess Festival 2014 "]
[Site "The Caleta Hotel - Gibraltar"]
[Date "2014.02.04"]
[Round "8.68"]
[White "Gikas, Andreas Basilius"]
[Black "Ben Artzi, Ido"]
[Result "0-1"]
[WhiteElo "2189"]
[BlackElo "2344"]
[PlyCount "80"]
[EventDate "2014.01.28"]

1. e4 e5 2. Nf3 Nc6 3. Bc4 Bc5 4. c3 Nf6 5. d4 exd4 6. cxd4 Bb4+ 7. Bd2 Nxe4 8.
Bxb4 Nxb4 9. Bxf7+ Kxf7 10. Qb3+ d5 11. Ne5+ Ke6 12. Qxb4 Qf8 13. Qxf8 Rxf8 14.
f3 c5 15. fxe4 dxe4 16. dxc5 Kxe5 17. Nc3 Bg4 18. h3 Bh5 19. Rf1 Rxf1+ 20. Kxf1
Rf8+ 21. Ke1 Kf4 22. Ne2+ Ke3 23. Ng3 Be8 24. a4 Bc6 25. b4 a6 26. Ra2 Kd3 27.
b5 axb5 28. axb5 Bxb5 29. Rb2 Bc6 30. Rd2+ Kc4 31. Rc2+ Kb4 32. Ke2 Rd8 33. Nf5
Rd5 34. Nd6 Rxc5 35. Rb2+ Kc3 36. Nxb7 Rg5 37. Rb6 Rxg2+ 38. Ke3 Rg3+ 39. Kf2
Rf3+ 40. Kg2 Rf6 0-1

[Event "Tradewise Gibraltar Chess Festival 2014 "]
[Site "The Caleta Hotel - Gibraltar"]
[Date "2014.02.04"]
[Round "8.69"]
[White "Vinas Guerrero, Carlos A"]
[Black "Abdumalik, Zhansaya"]
[Result "0-1"]
[WhiteElo "2153"]
[BlackElo "2344"]
[PlyCount "114"]
[EventDate "2014.01.28"]

1. e4 c5 2. Nf3 e6 3. d4 cxd4 4. Nxd4 a6 5. Nc3 Qc7 6. Bd3 Nf6 7. O-O d6 8. Qe2
g6 9. f4 Bg7 10. Nf3 O-O 11. Kh1 Nbd7 12. Be3 b6 13. Bd4 e5 14. fxe5 dxe5 15.
Bf2 Bb7 16. Bc4 b5 17. Bb3 Rac8 18. a3 Nc5 19. Bxc5 Qxc5 20. Rad1 h6 21. Nh4
Kh7 22. Rd3 Qe7 23. Nf3 Nh5 24. g3 Nf6 25. Rfd1 Rxc3 26. bxc3 Bxe4 27. Re3 Bc6
28. h3 Qb7 29. Kh2 Ne4 30. Nd2 f5 31. Nxe4 Bxe4 32. Rxe4 fxe4 33. Bd5 Qb6 34.
Rf1 Rxf1 35. Qxf1 Qe3 36. Qg2 Qxc3 37. Qxe4 Qxa3 38. Bf7 Qd6 39. Bd5 a5 40. g4
Bf6 41. Bc6 b4 42. Be8 Bg5 43. Kg2 Qd2+ 44. Kh1 Qd1+ 45. Kg2 Qd6 46. Kh1 Kg7
47. Kg2 Bh4 48. Bb5 Bd8 49. Be8 Bb6 50. Qb7+ Kh8 51. Qf7 e4 52. Bb5 Qd2+ 53.
Kh1 Qd1+ 54. Bf1 Qf3+ 55. Qxf3 exf3 56. Kh2 Kg7 57. Kg3 f2 0-1

[Event "Tradewise Gibraltar Chess Festival 2014 "]
[Site "The Caleta Hotel - Gibraltar"]
[Date "2014.02.04"]
[Round "8.70"]
[White "Byron, Alan M"]
[Black "Bellin, Robert"]
[Result "1/2-1/2"]
[WhiteElo "2147"]
[BlackElo "2337"]
[PlyCount "86"]
[EventDate "2014.01.28"]

1. e4 e5 2. Nf3 Nc6 3. Bb5 a6 4. Ba4 Nf6 5. O-O Be7 6. Re1 b5 7. Bb3 d6 8. c3
O-O 9. h3 Nb8 10. d4 Nbd7 11. Nbd2 Bb7 12. Bc2 c5 13. Nf1 Re8 14. Ng3 cxd4 15.
cxd4 exd4 16. Nxd4 d5 17. exd5 Bxd5 18. Ndf5 Bf8 19. Rxe8 Qxe8 20. Be3 Qe6 21.
Nd4 Qe5 22. Bb3 Nc5 23. Bxd5 Nxd5 24. Bc1 Re8 25. Nf3 Qe6 26. Bd2 Qg6 27. Qb1
Qd3 28. b4 Qxb1+ 29. Rxb1 Na4 30. a3 Ndb6 31. Rb3 Nc4 32. Kf1 g6 33. Ne2 Rd8
34. Ke1 Nab2 35. Nc1 Bg7 36. Ke2 Re8+ 37. Be3 Na4 38. Ne1 Bb2 39. Ncd3 Nc3+ 40.
Kf3 Rxe3+ 41. fxe3 Nd2+ 42. Kg3 Nxb3 43. Nxb2 f6 1/2-1/2